Statistics for See You Again - Tyler, the Creator Lyrics

Click here to take the quiz!

General Stats

  • This quiz has been taken 1,057 times
    (1,054 since last reset)
  • The average score is 260 of 330

Answer Stats

Lyrics% Correct
I
99%
you
99%
You
99%
a
96%
my
94%
I'ma
93%
I’ma
93%
see
92%
an
91%
Can
91%
can
91%
make
91%
again
90%
do
90%
in
90%
it
90%
it?
90%
kiss?
90%
get
89%
if
89%
don’t
88%
don't
88%
‘fore
88%
last
88%
forever?
87%
I'm
87%
I’m
87%
to
87%
when
87%
When
87%
And
86%
go
86%
know
86%
war
86%
‘bout
85%
dream
85%
the
85%
me,
84%
me
84%
live
83%
on
83%
said
83%
said,
83%
20/20, 20/20
82%
3x Okay, okay, okay, okay, okay, okay, okay, oh
81%
Okay, okay, okay, okay
Okay, okay, oh
81%
okay, okay, okay, okidokie
81%
vision
81%
your
80%
look
79%
mind
79%
mind,
79%
cross
78%
eyes
78%
with
78%
both
77%
hit
77%
of,
77%
of
77%
only
77%
state
77%
ways
77%
bout
75%
Cupid
75%
cupid
75%
fantasy
75%
up,
75%
up
75%
close
74%
sick
74%
wonder
74%
reality
73%
chasing
72%
chasing,
72%
face
72%
precision
72%
count
71%
wake
71%
that’s
70%
That’s
70%
time
70%
one
69%
what
69%
You’re
69%
you’re
69%
eyelids,
68%
eyelids
68%
sheep
68%
stay
67%
running
66%
through
64%
we
64%
always
63%
wanna
63%
f***
62%
call
61%
Yeah
60%
yeah,
60%
yeah
60%
mean?
59%
Oh
59%
oh
59%
daydreams,
58%
exist
57%
it’s
56%
It’s
56%
alcoholic
55%
behind
54%
pie
53%
piece
51%
Relocate
51%
understand
51%
another
50%
dirt
50%
form
50%
honey
50%
infatuation
50%
Sugar
50%
tea,
50%
Any
49%
colored
49%
Is
48%
like
48%
have
47%
bumblebee
46%
bakery
45%
iced
44%
rose
43%
them
43%
cheeks,
42%
been
40%
Now
40%
give
38%
I’d
38%
scene
37%
translatin’
35%
ain’t
34%
met
34%
looking
33%
stop
33%
Stop
33%
tinted
33%
I’ve
31%
waitin’
28%

Score Distribution

Percentile by Number Answered

Percent of People with Each Score

Your Score History

You have not taken this quiz since the last reset